Science Quiz

Random Science Quiz
Score 0/20 Timer 05:00
0 Plays Today
% Correct
Alanine
91.6%
Glutamate
91.6%
Glutamine
89.3%
Phenylalanine
85.5%
Aspartate
84.7%
Tyrosine
84.7%
Serine
84.7%
Asparagine
84%
Tryptophan
84%
Leucine
83.2%
% Correct
Proline
83.2%
Arginine
83.2%
Methionine
82.4%
Valine
82.4%
Histidine
82.4%
Glycine
82.4%
Cysteine
81.7%
Threonine
80.9%
Isoleucine
80.9%
Lysine
80.2%
Remove Ads.
Support Sporcle.
Get the best of Sporcle when you Go Orange. This ad-free experience offers more features, more stats, and more fun while also helping to support Sporcle. Thank you for becoming a member.

You're not logged in!

Compare scores with friends on all Sporcle quizzes.
OR
Log In

Show Comments

Extras

Created Oct 1, 2013ReportNominate
Tags:Amino Acids, Biochemistry

Top Quizzes Today


Score Distribution

Your Account Isn't Verified!

In order to create a playlist on Sporcle, you need to verify the email address you used during registration. Go to your Sporcle Settings to finish the process.

Report this User

Report this user for behavior that violates our Community Guidelines.

Details: